One Life One Chance: (Record no. 216472)

MARC details
000 -LEADER
fixed length control field 00622nam a22002057a 4500
005 - DATE AND TIME OF LATEST TRANSACTION
control field 20260603124354.0
010 ## - LCCN (DPL NO)
LC control number ENG-148711
020 ## - INTERNATIONAL STANDARD BOOK NUMBER
International Standard Book Number 9788119670017
Terms of availability 399.00
035 ## - SYSTEM CONTROL NUMBER
System control number EN-132243
037 ## - SOURCE OF ACQUISITION
Source of stock number/acquisition DBAD/PUB
082 ## - DEWEY DECIMAL CLASSIFICATION NUMBER
Classification number N
100 ## - MAIN ENTRY--PERSONAL NAME
Personal name Rohera, Prakash
245 ## - TITLE STATEMENT
Title One Life One Chance:
Statement of responsibility, etc Prakash Rohera
Remainder of title Tools and Tales for Inspired Living/
250 ## - EDITION STATEMENT
Edition statement First
260 ## - PUBLICATION, DISTRIBUTION, ETC. (IMPRINT)
Place of publication, distribution, etc New Delhi
Name of publisher, distributor, etc Vitasta Publishing Pvt. Ltd
Date of publication, distribution, etc 2024
270 ## - ADDRESS
Address 4348/4C, Ansari Road, Daryaganj,
City New Delhi
Postal code 110002
Electronic mail address info@vitastapublishing.com
300 ## - PHYSICAL DESCRIPTION
Extent 179 p.
Dimensions 21.5 cm(pb)
700 ## - ADDED ENTRY--PERSONAL NAME
9 (RLIN) 80840
942 ## - ADDED ENTRY ELEMENTS (KOHA)
Source of classification or shelving scheme Dewey Decimal Classification
Item type English Books
Classification part N
Call number suffix ROH
Holdings
Withdrawn status Lost status Not for loan Collection code Home library Current library Date acquired Source of acquisition Cost, normal purchase price Full call number Barcode Copy number Cost, replacement price Koha item type
    Not For Loan Fiction D.B.Act.Division D.B.Act.Division 03/06/2026 DBAD 399.00 N ROH EN-132243 1 399.00 English Books

© Delhi Public Library
Hit Counter
free hit counter